000 00594nam a22001937a 4500
005 20130822120121.0
010 _aB-523870-894
020 _a9788184778731
_c110.00
035 _aB-523870-894
037 _adpl
_bKBD/Ven
082 _aS
100 _aAnand, Paro
245 _aSchool Stories /
_cby Paro Anand
260 _aNew Delhi
_bScholastic
270 _aGolf Vie Corporate ToerA, 3rd Floor, DLF Phase
_bV.Gurgaon
_e122002
300 _a111p.
_c19cm(pbk)
942 _2ddc
_cCH
_mANA
_hS
999 _c78414
_d78414